01141nam a2200313 a 4500008004100000020000700041040002500048041001300073044001100086080001700097080001000114080000600124080001500130100002000145245021000165250001300375260004900388300002800437490003500465500012800500700002700628700002000655700002700675700003000702700002200732700002200754700002600776700002500802951212s1976||||[C 0 slo c c10 aSNKbslocSNKeAACR21 aslohger axocSK a141.45:2(08) a2(08) a2 a141.45(08)1 aMarx, Karl4aut10aO ateizme, náboženstve a cirkvibZborník statí a úryvkovcKarl MARX, Friedrich ENGELS ; Karl Marx, Friedrich Engels, Anton Gosiorovský, Teodor Munz, Teodor Munz, Peter Skalník, Emil Bačík a1., vyd. aBratislavabPravdac1976eBratislavafPravda a479 s., 33,45 AHc21 cm0 aKnižnica marxizmu leninizmu. aPozn. Faksim. rkp. Reg. biblických a mytologických mien, vec., príspevkov, úryvkov a zmienok K. Marxa a F. Engelsa.1 aENGELS, Friedrich4aut1 aMarx, Karl4aut1 aEngels, Friedrich4aut1 aGosiorovský, Anton4com1 aMunz, Teodor4com1 aMunz, Teodor4trl1 aSkalník, Peter4trl1 aBačík, Emil4oth